Establishment of MCM'S papaya plantation at Janay-Janay, San Jose, Negros Orental / (Record no. 5744)
[ view plain ]
| 000 -LEADER | |
|---|---|
| fixed length control field | 03821naa a2200325Ia 4500 |
| 003 - CONTROL NUMBER IDENTIFIER | |
| control field | OSt |
| 005 - DATE AND TIME OF LATEST TRANSACTION | |
| control field | 20260416110908.0 |
| 008 - FIXED-LENGTH DATA ELEMENTS--GENERAL INFORMATION | |
| fixed length control field | 260416s2017 xx 000 0 und d |
| 040 ## - CATALOGING SOURCE | |
| Original cataloging agency | Foundation University |
| Language of cataloging | Eng |
| Transcribing agency | Foundation University |
| Description conventions | rda |
| 050 ## - LIBRARY OF CONGRESS CALL NUMBER | |
| Classification number | CBA (FinMgt-FS) LG 221 D35 B87 |
| Item number | A5 B87 F56 2013 A83 |
| 099 ## - LOCAL FREE-TEXT CALL NUMBER (OCLC) | |
| Classification number | 799 |
| 100 ## - MAIN ENTRY--PERSONAL NAME | |
| Personal name | At-at, Celeste B. |
| 9 (RLIN) | 1517 |
| Relator term | author. |
| 245 10 - TITLE STATEMENT | |
| Title | Establishment of MCM'S papaya plantation at Janay-Janay, San Jose, Negros Orental / |
| Statement of responsibility, etc. | by Celeste B. At-at, Mary Pearl M. Sayre and Michelle A. Simbajon |
| 264 ## - PRODUCTION, PUBLICATION, DISTRIBUTION, MANUFACTURE, AND COPYRIGHT NOTICE | |
| Place of production, publication, distribution, manufacture | Dumaguete City |
| Name of producer, publisher, distributor, manufacturer | Foundation Uiniversity, |
| Date of production, publication, distribution, manufacture, copy right date | 2013. |
| Copyright Date | 2013. |
| 300 ## - PHYSICAL DESCRIPTION | |
| Extent | ix, 94 leaves : |
| Other physical details | ill. (chiefly color) ; |
| Dimensions | 28 cm. |
| Materials specified | volume |
| Type of unit | resource |
| 336 ## - CONTENT TYPE | |
| Source | rdacontent |
| Content type term | text |
| Content type code | txt |
| 337 ## - MEDIA TYPE | |
| Source | rdamedia |
| Media type term | unmediated |
| Media type code | n |
| 338 ## - CARRIER TYPE | |
| Materials specified | rdacarrier |
| Carrier type term | volume |
| Carrier type code | nc |
| 502 ## - DISSERTATION, THESIS NOTE | |
| Master's Degree Note | Undergraduate feasibility (BS in Administration Major in Financial management ) - - Foundation University, 2013. |
| 504 ## - BIBLIOGRAPHY, ETC. NOTE | |
| Bibliography, etc. note | Includes bibliographical references and appendices. |
| 520 ## - ABSTRACT, SUMMARY, ETC. | |
| Abstract, Summary, etc. | ABSTRACT<br/>Titie of the Study: ESTABLISHMENT OF MCM'S PAPAYA PLANTATION AT<br/>JANAY-JANAY SAN JOSE<br/>MICHELLE SIMBAJON, BSBA-OM IV<br/>Authors:<br/>MARY PEARL SAYRE, BSBA- OM V<br/>CELESTE AT-AT, BSBA- FM IV<br/>Foundation University<br/>School:<br/>Miciano Rd., Dumaguete City, Negros Oriental<br/>Dated Completed: October 30, 2012<br/>The objective of the study is to determine the visibility of establishing a MCM's Papaya<br/>Plantation at Janay-janay, San Jose, Negros Oriental. The specific areas that are considered<br/>in this study are the following: (1) the marketing aspect of the proposed project: (2) the<br/>technical aspect of the proposed project: (3) the financial aspect of the proposed project<br/>(4) the management aspect of the proposed project; and (5) the socio-economic desirability<br/>of the proposed project. The name of the proposed project is MCM's Papaya Plantation.<br/>The study made use of a survey questionnaire, interview, observation and documentary<br/>analysis The prepared questionnaires were distributed to the respondents and to the<br/>proponent. The total population that we gather from the survey was not exceeding of more<br/>than 234 populations. So, we don't need to use any formula to get the sample, instead we<br/>use the total population of the survey we had gathered.<br/>The proposed project is visible from marketing, technical, management, financial and<br/>socio-economic desirability. In the marketing point of view, the project is really feasible since<br/>majority of the respondents are wiling to purchase papaya at MCM's plantation. In the<br/>technical aspect, the project is feasible since the location has easy access because it is right<br/>beside the main road and water just is available. In the management aspect the management<br/>is feasible because the proponent will manage the operation daily in line with the organization<br/>goals and objectives and hiring the best people that fit to every job description and<br/>qualification. Financially the proposed project is feasible because the initial capital will be<br/>recovered within one year, eight months and fourteen days. The proposed project will surely<br/>benefit the entire organization. A reasonable returns on investment for the proponent and will<br/>be generation and will be generation income for the locals. |
| 650 ## - SUBJECT ADDED ENTRY--TOPICAL TERM | |
| Topical term or geographic name entry element | Papaya |
| Geographic subdivision | Philippines |
| 9 (RLIN) | 15507 |
| 650 ## - SUBJECT ADDED ENTRY--TOPICAL TERM | |
| Topical term or geographic name entry element | Fruit trade |
| Geographic subdivision | Philippines. |
| 9 (RLIN) | 15514 |
| 650 ## - SUBJECT ADDED ENTRY--TOPICAL TERM | |
| Topical term or geographic name entry element | Agricultural development |
| Geographic subdivision | Philippines. |
| 9 (RLIN) | 15515 |
| 650 ## - SUBJECT ADDED ENTRY--TOPICAL TERM | |
| Topical term or geographic name entry element | Feasibility studies. |
| 9 (RLIN) | 13723 |
| 658 ## - INDEX TERM--CURRICULUM OBJECTIVE | |
| Main curriculum objective | Project Feasibility Study : |
| Subordinate curriculum objective | Administration Major Management Accounting, Bachelor of Science in ; |
| Curriculum code | FSB301 |
| 700 ## - ADDED ENTRY--PERSONAL NAME | |
| Personal name | Sayre, Mary Pearl M. |
| Relator term | co-author |
| 9 (RLIN) | 15510 |
| 700 ## - ADDED ENTRY--PERSONAL NAME | |
| Personal name | Simbajon, Michelle A. |
| Relator term | co-author |
| 9 (RLIN) | 15511 |
| 942 ## - ADDED ENTRY ELEMENTS (KOHA) | |
| Source of classification or shelving scheme | Library of Congress Classification |
| Koha item type | Feasibility Study |
| Classification part | LG 221 D35 B87 |
| Item part | A5 B87 F56 2013 A83 |
| Call number prefix | CBA (FinMgt-FS) |
| Withdrawn status | Lost status | Source of classification or shelving scheme | Damaged status | Not for loan | Home library | Current library | Shelving location | Date acquired | Source of acquisition | Total Checkouts | Full call number | Barcode | Date last seen | Price effective from | Koha item type | Accession Number |
|---|---|---|---|---|---|---|---|---|---|---|---|---|---|---|---|---|
| Library of Congress Classification | Foundation University Library | Foundation University Library | Undergraduate Thesis | 04/16/2026 | Donated | CBA (FinMgt-FS) LG 221 D35 B87 A5 B87 F56 2013 A83 | 57442 | 04/16/2026 | 04/16/2026 | Feasibility Study | FinMgt-FS-2026030 |
